The mysteries of fasting : (Record no. 32912)
[ view plain ]
| 000 -LEADER | |
|---|---|
| fixed length control field | 00868nam a2200241ui 4500 |
| 001 - CONTROL NUMBER | |
| control field | 32912 |
| 003 - CONTROL NUMBER IDENTIFIER | |
| rucl marc code | BD-RjUL |
| 005 - DATE AND TIME OF LATEST TRANSACTION | |
| control field | 20211209051920.0 |
| 008 - FIXED-LENGTH DATA ELEMENTS--GENERAL INFORMATION | |
| fixed length control field | 140429s1968 pk b 001 0 eng d |
| 035 ## - SYSTEM CONTROL NUMBER | |
| System control number | (BD-RjUL)33002 |
| 040 ## - CATALOGING SOURCE | |
| Original cataloging agency | OTU |
| Transcribing agency | OTU |
| Modifying agency | PU |
| -- | CStRLIN |
| -- | BD-RjUL |
| Language of cataloging | eng |
| 041 1# - LANGUAGE CODE | |
| Language code of text/sound track or separate title | eng |
| Language code of original | ara |
| 082 ## - DEWEY DECIMAL CLASSIFICATION NUMBER | |
| Classification number | 613.2 |
| Author mark and year | GHM 1968 |
| 100 0# - MAIN ENTRY--PERSONAL NAME | |
| Personal name | Ghazzālī, |
| Dates associated with a name | 1058-1111. |
| 9 (RLIN) | 100049 |
| 245 14 - TITLE STATEMENT | |
| Title | The mysteries of fasting : |
| Remainder of title | being a translation with notes of the Kitāb asrār al-ṣawm of al-Ghazzāli's Ihyā ʿulūm al-dīn / |
| Statement of responsibility, etc. | by Nabih Amin Faris. |
| 260 ## - PUBLICATION, DISTRIBUTION, ETC. (IMPRINT) | |
| Place of publication, distribution, etc. | Lahore : |
| Name of publisher, distributor, etc. | Sh. Muhammad Ashraf, |
| Date of publication, distribution, etc. | 1968. |
| 300 ## - PHYSICAL DESCRIPTION | |
| Pagination | viii, 42 [2] p. ; |
| Size | 20 cm. |
| 504 ## - BIBLIOGRAPHY, ETC. NOTE | |
| Bibliography, etc | Includes bibliographical references and index. |
| 650 #0 - SUBJECT ADDED ENTRY--TOPICAL TERM | |
| Topical term or geographic name as entry element | Fasting |
| General subdivision | Religious aspects |
| -- | Islam |
| 9 (RLIN) | 100050 |
| 700 1# - ADDED ENTRY--PERSONAL NAME | |
| Personal name | Faris, Nabih Amin, |
| Dates associated with a name | 1906-1968. |
| 942 ## - ADDED ENTRY ELEMENTS (KOHA) | |
| Source of classification or shelving scheme | Dewey Decimal Classification |
| Koha item type | Books |
| Lost status | Source of classification or shelving scheme | Damaged status | Not for loan | Collection code | Permanent Location | Current Location | Shelving location | Date acquired | Source of acquisition | Cost, normal purchase price | Total Checkouts | Full call number | Date last seen | Copy number | Koha item type |
|---|---|---|---|---|---|---|---|---|---|---|---|---|---|---|---|
| Dewey Decimal Classification | Non-fiction | Central Library, University of Rajshahi | Central Library, University of Rajshahi | 14/10/1968 | Ashraf | 4.00 | 613.2 GHM 1968 | 29/04/2014 | C-2 | Books | |||||
| Dewey Decimal Classification | Not For Loan | Non-fiction | Central Library, University of Rajshahi | Central Library, University of Rajshahi | 14/10/1968 | Ashraf | 4.00 | 613.2 GHM 1968 | 29/04/2014 | C-1 | Books | ||||
| Dewey Decimal Classification | Non-fiction | Central Library, University of Rajshahi | Central Library, University of Rajshahi | 14/10/1968 | Ashraf | 4.00 | 613.2 GHM 1968 | 29/04/2014 | C-3 | Books | |||||
| Dewey Decimal Classification | Non-fiction | Central Library, University of Rajshahi | Central Library, University of Rajshahi | 18/09/1969 | Park. American Communicate | 4.00 | 613.2 GHM 1968 | 29/05/2014 | C-4 | Books |